000 00686nam a2200265Ia 4500
005 20260121172713.0
008 008 260114s9999 xx 000 0 eng d
020 _a9783030759339
037 _aEBOOK
040 _aCRL
040 _beng
040 _cCRL
041 _2eng
041 _aeng
084 _qCRL
100 _aBenjamin Ong, Jacob Schroder, Jemma Shipton, Stephanie Friedhoff
_91091687
245 0 _aParallel-in-Time Integration Methods
260 _bSpringer
260 _bSpringer
260 _c2021
856 _uhttps://link.springer.com/openurl?genre=book&isbn=978-3-030-75933-9
942 _cEBOOK
999 _c1657427
_d1657427